[Event "XXI Festival A"]
[Site "Porto San Giorgio ITA"]
[Date "2009.08.28"]
[Round "8"]
[White "Naumkin, Igor"]
[Black "Aleksic, Nenad"]
[Result "1/2-1/2"]
[WhiteElo "2481"]
[BlackElo "2367"]
[PlyCount "47"]
[EventDate "2009.08.21"]

1. d4 Nf6 2. c4 e6 3. Nf3 b6 4. g3 Bb7 5. Bg2 Be7 6. O-O O-O 7. Nc3 Ne4 8. Bd2
f5 9. Qc2 Nxc3 10. Bxc3 Be4 11. Qd2 d5 12. cxd5 Bxd5 13. b4 Nd7 14. a4 Nf6 15.
b5 a6 16. Qb2 Ne4 17. Bb4 Bxb4 18. Qxb4 Qd6 19. Qb2 Ra7 20. Ne5 Rfa8 21. Bxe4
Bxe4 22. Nc4 Qd7 23. Ne5 Qd6 24. Nc4 1/2-1/2

[Event "XXI Festival A"]
[Site "Porto San Giorgio ITA"]
[Date "2009.08.28"]
[Round "8"]
[White "Ortega, Lexy"]
[Black "Trent, Lawrence"]
[Result "0-1"]
[WhiteElo "2437"]
[BlackElo "2471"]
[PlyCount "158"]
[EventDate "2009.08.21"]

1. d4 Nf6 2. Nf3 c5 3. c3 e6 4. Bf4 cxd4 5. cxd4 Qb6 6. Qb3 Nc6 7. Qxb6 axb6 8.
Nc3 Bb4 9. Bd2 d5 10. e3 Ne4 11. Bd3 Nxd2 12. Kxd2 O-O 13. Rhc1 Bd7 14. Ke2 f6
15. a3 Bxc3 16. bxc3 e5 17. e4 dxe4 18. Bxe4 exd4 19. Bd5+ Kh8 20. cxd4 Rfd8
21. Kf1 Rac8 22. h3 Bf5 23. Ba2 Be4 24. Be6 Ra8 25. d5 Bxd5 26. Bxd5 Rxd5 27.
Rab1 b5 28. Rc3 h5 29. Rcb3 Ra5 30. h4 Kg8 31. g3 g5 32. hxg5 fxg5 33. Re3 g4
34. Nh4 Kf7 35. Ng2 Ra4 36. Reb3 Nd4 37. Rd3 Re5 38. Ne3 Kg6 39. Rbd1 Nf5 40.
Nd5 Kg5 41. Nc3 Rc4 42. Nd5 h4 43. gxh4+ Kxh4 44. Nb6 Rf4 45. Nd5 Rc4 46. Nb6
Rc6 47. Nd7 Re4 48. Rd5 Rf4 49. Kg2 Rc2 50. R1d2 Rxd2 51. Rxd2 Rd4 52. Rxd4
Nxd4 53. Nc5 Nc2 54. Nxb7 Nxa3 55. Nc5 b4 56. Nb3 Nc4 57. Kh2 Ne5 58. Kg2 Kg5
59. Kg3 Nf3 60. Nc5 Nd4 61. Kg2 Kf5 62. Kg3 Nf3 63. Kg2 Ng5 64. Nd3 b3 65. Kg3
Nf3 66. Nb2 Ne5 67. Na4 Nf3 68. Nb2 Ng5 69. Nd3 Ne4+ 70. Kg2 Nc5 71. Nb2 Kf4
72. Kg1 Ke4 73. Kf1 Nd3 74. Nc4 b2 75. Nd2+ Kd4 76. Ke2 Ne5 77. Nb1 Nc4 78. Ke1
Kd3 79. Kd1 Nd6 0-1

[Event "XXI Festival A"]
[Site "Porto San Giorgio ITA"]
[Date "2009.08.28"]
[Round "8"]
[White "Parpinel, Marco"]
[Black "Estremera Panos, Sergio"]
[Result "0-1"]
[WhiteElo "2165"]
[BlackElo "2394"]
[PlyCount "118"]
[EventDate "2009.08.21"]

1. e4 c5 2. c3 d5 3. exd5 Qxd5 4. d4 Nf6 5. Nf3 e6 6. Na3 Qd8 7. Nc2 Nbd7 8.
Bd3 Qc7 9. Qe2 Bd6 10. Ne3 O-O 11. Nc4 b6 12. g4 Bb7 13. g5 Nd5 14. Qe4 g6 15.
Nxd6 Qxd6 16. Rg1 cxd4 17. cxd4 Nb4 18. Qxb7 Nxd3+ 19. Ke2 N3c5 20. dxc5 Nxc5
21. Rd1 Qxd1+ 22. Kxd1 Nxb7 23. Ke2 f6 24. h4 Rac8 25. Be3 fxg5 26. Nxg5 e5 27.
b4 Nd6 28. Rd1 Rf6 29. Rd5 Rc2+ 30. Kd3 Rxa2 31. Rxe5 h6 32. Ne4 Ra3+ 33. Ke2
Nxe4 34. Rxe4 Kf7 35. Rc4 Re6 36. Kd2 Rd6+ 37. Kc2 Rad3 38. Rc7+ Rd7 39. Rxa7
Rd2+ 40. Kc3 Rxa7 41. Kxd2 Rd7+ 42. Kc3 b5 43. Bxh6 Ke6 44. Be3 Ke5 45. Kc2 Ke4
46. Bb6 Kf3 47. Kc3 Ke4 48. Kc2 Rh7 49. Bd8 Rf7 50. Bb6 Rf4 51. Kd2 Rxh4 52.
Ke2 Rh3 53. Bc5 g5 54. Bd6 Rb3 55. Bc5 g4 56. Kf1 Kf3 57. Kg1 Rb2 58. Kh2 g3+
59. Kh3 g2 0-1

[Event "XXI Festival A"]
[Site "Porto San Giorgio ITA"]
[Date "2009.08.28"]
[Round "8"]
[White "Passerotti, Pierluigi"]
[Black "Borgo, Giulio"]
[Result "0-1"]
[WhiteElo "2302"]
[BlackElo "2433"]
[PlyCount "66"]
[EventDate "2009.08.21"]

1. e4 c5 2. Nf3 b6 3. Nc3 Bb7 4. d4 cxd4 5. Nxd4 a6 6. g3 e6 7. Bg2 d6 8. O-O
Be7 9. Re1 Qc7 10. Qe2 Nd7 11. Be3 Ngf6 12. Rad1 O-O 13. f4 b5 14. Bf2 b4 15.
Nb1 Rfd8 16. Nd2 e5 17. Nf5 Bf8 18. Nc4 Nc5 19. g4 Nfxe4 20. Bh4 Re8 21. fxe5
dxe5 22. Nce3 Ne6 23. Bxe4 Bxe4 24. Nc4 Bxf5 25. gxf5 Nd4 26. Qd3 Qc6 27. Re4
Nxf5 28. Nxe5 Rxe5 29. Rxe5 Nxh4 30. Rd5 Re8 31. Qg3 Bc5+ 32. Kh1 Nf5 33. Qg2
Ne3 0-1

[Event "XXI Festival A"]
[Site "Porto San Giorgio ITA"]
[Date "2009.08.28"]
[Round "8"]
[White "Pepe, Mario"]
[Black "Boscolo, Marco"]
[Result "0-1"]
[WhiteElo "2033"]
[BlackElo "2136"]
[PlyCount "126"]
[EventDate "2009.08.21"]

1. e4 c6 2. d4 d5 3. Nc3 dxe4 4. Nxe4 Bf5 5. Ng3 Bg6 6. Nf3 Nd7 7. h4 h6 8. Bd3
Bxd3 9. Qxd3 e6 10. b3 Ngf6 11. Bb2 Qa5+ 12. c3 Be7 13. O-O O-O 14. Rfe1 Rad8
15. Qc2 Ba3 16. b4 Qa6 17. Bxa3 Qxa3 18. Reb1 Qa6 19. a4 Qb6 20. c4 Qc7 21. Qb2
Ra8 22. c5 Rfe8 23. Nd2 Qf4 24. h5 e5 25. Nc4 Nd5 26. Nd6 Re6 27. Ra3 Qxd4 28.
Qxd4 exd4 29. Ngf5 a5 30. Rg3 g5 31. hxg6 Rxg6 32. Nxb7 Rxg3 33. fxg3 axb4 34.
Nxd4 Ra7 35. Nd6 Nxc5 36. Nxc6 Ra6 37. Nxb4 Nxb4 38. Nf5 Ncd3 39. Ra1 Kh7 40.
Nd4 Nc6 41. Nf3 Nc5 42. Nh4 Ne5 43. Re1 Ncd3 44. Re4 Rc6 45. g4 Rc1+ 46. Kh2
Nf2 47. Rf4 Nfxg4+ 48. Kg3 Rc3+ 49. Nf3 Kg6 50. Kh4 Nxf3+ 51. gxf3 Nf6 52. a5
Ra3 53. Kh3 Rxa5 54. Rb4 Kg5 55. Kg2 h5 56. Kg3 Ra3 57. Rb7 Kg6 58. Rb4 Nd5 59.
Rd4 Ne3 60. Rb4 f6 61. Rb8 Nf5+ 62. Kf2 Ra2+ 63. Kg1 Nd4 0-1

[Event "XXI Festival A"]
[Site "Porto San Giorgio ITA"]
[Date "2009.08.28"]
[Round "8"]
[White "Ragonese, Lucio Rosario"]
[Black "Capone, Vincenzo"]
[Result "0-1"]
[WhiteElo "1977"]
[BlackElo "2133"]
[PlyCount "88"]
[EventDate "2009.08.21"]

1. d4 Nf6 2. Nf3 e6 3. Bg5 h6 4. Bh4 Be7 5. Nbd2 d5 6. e3 Nbd7 7. Bd3 c5 8. c3
b6 9. O-O O-O 10. Qe2 Bb7 11. e4 dxe4 12. Nxe4 Nxe4 13. Bxe7 Qxe7 14. Bxe4 Bxe4
15. Qxe4 cxd4 16. Nxd4 Nc5 17. Qg4 Nd3 18. Qe2 Nf4 19. Qe4 Qg5 20. g3 Nd5 21.
f4 Qh5 22. Qf3 Qxf3 23. Rxf3 a6 24. c4 Ne7 25. Rd3 Rac8 26. b3 g5 27. fxg5 hxg5
28. Nf3 f6 29. Rad1 e5 30. Rd7 Nf5 31. Rb7 g4 32. Ne1 b5 33. cxb5 axb5 34. Kf2
Nd4 35. Rd2 Rc1 36. Nd3 Rc3 37. Ke3 Rf7 38. Rb8+ Kg7 39. Kf2 Nf3 40. Rd1 Rd7
41. Nb2 Rc2+ 42. Ke3 Nd4 43. Rb1 Re2+ 44. Kd3 e4+ 0-1

[Event "XXI Festival A"]
[Site "Porto San Giorgio ITA"]
[Date "2009.08.28"]
[Round "8"]
[White "Ranieri, Fabrizio"]
[Black "Piva, Giorgio"]
[Result "1-0"]
[WhiteElo "2264"]
[BlackElo "2159"]
[PlyCount "97"]
[EventDate "2009.08.21"]

1. e4 c5 2. Nf3 g6 3. d4 cxd4 4. Nxd4 Nf6 5. Nc3 Bg7 6. Bg5 Nc6 7. Nxc6 bxc6 8.
e5 Ng8 9. f4 Qb6 10. Qd2 Qxb2 11. Rb1 Qa3 12. Rb3 Qa5 13. Bd3 f6 14. exf6 Nxf6
15. O-O O-O 16. f5 gxf5 17. Rxf5 d5 18. Bxf6 exf6 19. Qf2 Ba6 20. Ne2 Bxd3 21.
Rxd3 Rae8 22. h3 Re5 23. Nd4 Re1+ 24. Kh2 Rfe8 25. Rg3 Qc7 26. Rh5 R8e3 27. Nf5
Rxg3 28. Nxg3 Re5 29. Qf4 Qf7 30. Rh4 Kh8 31. Nf5 Bf8 32. Rg4 Re4 33. Nd6 Bxd6
34. Qxd6 Re6 35. Qb8+ Re8 36. Qf4 Qe7 37. Qh6 Qe5+ 38. Rf4 c5 39. h4 Kg8 40. g3
Kh8 41. Rxf6 Rg8 42. Rf4 Qg7 43. Qxg7+ Kxg7 44. Rg4+ Kf7 45. Rxg8 Kxg8 46. g4
Kf7 47. Kg3 h6 48. Kf4 Ke6 49. c3 1-0

[Event "XXI Festival A"]
[Site "Porto San Giorgio ITA"]
[Date "2009.08.28"]
[Round "8"]
[White "Rinaudo, Andrea"]
[Black "Martorelli, Antonio"]
[Result "1-0"]
[WhiteElo "2101"]
[BlackElo "2225"]
[PlyCount "71"]
[EventDate "2009.08.21"]

1. e4 c5 2. Nf3 e6 3. d4 cxd4 4. Nxd4 a6 5. Bd3 Bc5 6. Nb3 Ba7 7. O-O Nc6 8.
Qg4 Nf6 9. Qxg7 Rg8 10. Qh6 Ne5 11. Be2 Rg6 12. Qh4 Neg4 13. Nc3 d5 14. exd5
exd5 15. Bd3 Rg8 16. h3 Nh2 17. Re1+ Be6 18. Bg5 Qd6 19. Kh1 Nf3 20. gxf3 O-O-O
21. Bxf6 Bb8 22. Be5 Qf8 23. Bxb8 Kxb8 24. Rg1 d4 25. Ne4 f5 26. Qf4+ Ka8 27.
Rxg8 Qxg8 28. Rg1 Qe8 29. Ng3 Qd7 30. Nc5 Qc6 31. Nxe6 Qxe6 32. b3 Rf8 33. Nxf5
Rd8 34. Kh2 h5 35. Qe4 Qf6 36. Qe7 1-0

[Event "XXI Festival A"]
[Site "Porto San Giorgio ITA"]
[Date "2009.08.28"]
[Round "8"]
[White "Stromboli, Carlo"]
[Black "Movsziszian, Karen"]
[Result "0-1"]
[WhiteElo "2289"]
[BlackElo "2570"]
[PlyCount "84"]
[EventDate "2009.08.21"]

1. e4 g6 2. d4 d6 3. Nc3 c6 4. a4 Bg7 5. h3 Nf6 6. Nf3 O-O 7. Be2 Qc7 8. O-O e5
9. dxe5 dxe5 10. Be3 Nh5 11. a5 Nf4 12. Bc5 Rd8 13. Bd3 Nd7 14. Be3 Nf8 15.
Bxf4 exf4 16. Re1 Be5 17. Qe2 h6 18. Bc4 Re8 19. Nxe5 Qxe5 20. Qf3 Be6 21. Ra4
Rad8 22. Bf1 g5 23. Rd1 Ng6 24. Raa1 Kg7 25. a6 b5 26. Rxd8 Rxd8 27. Rd1 Rb8
28. Qd3 Rb6 29. Qd6 Bc8 30. Qd8 Bxa6 31. Rd7 Rb7 32. Rd6 Re7 33. Rxc6 Bb7 34.
Rd6 Bxe4 35. Nxe4 Qxe4 36. Bxb5 f3 37. Rd1 Nf4 38. Bd3 Qe5 39. Bf1 fxg2 40.
Bxg2 Re6 41. c3 Ne2+ 42. Kf1 Qh2 0-1

[Event "XXI Festival A"]
[Site "Porto San Giorgio ITA"]
[Date "2009.08.28"]
[Round "8"]
[White "Stromboli, Ettore"]
[Black "Piantoni, Roberto"]
[Result "1/2-1/2"]
[WhiteElo "2272"]
[BlackElo "2111"]
[PlyCount "107"]
[EventDate "2009.08.21"]

1. e4 c6 2. d4 d5 3. Nc3 dxe4 4. Nxe4 Nf6 5. Nc3 Bf5 6. Nf3 e6 7. Bd3 Bxd3 8.
Qxd3 Be7 9. O-O O-O 10. Ne4 Nxe4 11. Qxe4 Nd7 12. c4 Qa5 13. b3 Rfe8 14. Bb2
Ba3 15. Bxa3 Qxa3 16. Rfe1 Qa5 17. Qc2 Rad8 18. Re3 h6 19. Rae1 Nf6 20. Re5 Qc7
21. h3 Re7 22. g4 Nd7 23. R5e3 Nf8 24. Re4 Red7 25. Qe2 Ng6 26. Qe3 c5 27. Rd1
cxd4 28. Rexd4 a6 29. Rxd7 Rxd7 30. Rd4 Rxd4 31. Nxd4 Qd6 32. Ne2 Nh4 33. Nc3
Ng6 34. c5 Qc6 35. b4 Nh4 36. Qe4 Nf3+ 37. Kg2 Nd4 38. Qxc6 bxc6 39. a3 Kf8 40.
Kg3 Nc2 41. Nb1 e5 42. Kf3 Ke7 43. Ke4 Ke6 44. Kd3 Nd4 45. f4 f6 46. Nd2 g6 47.
fxe5 fxe5 48. Ke4 Ne2 49. Nc4 Nc3+ 50. Kd3 Nd1 51. Ke2 Nc3+ 52. Kd3 Nd1 53. Ke2
Nc3+ 54. Kd3 1/2-1/2

[Event "XXI Festival A"]
[Site "Porto San Giorgio ITA"]
[Date "2009.08.28"]
[Round "8"]
[White "Tomescu, Vlad"]
[Black "Hera, Imre jr"]
[Result "1/2-1/2"]
[WhiteElo "2422"]
[BlackElo "2557"]
[PlyCount "109"]
[EventDate "2009.08.21"]

1. e4 c6 2. d4 d5 3. e5 Bf5 4. Ne2 e6 5. Ng3 Bg6 6. h4 h5 7. Bd3 Bxd3 8. cxd3
Qb6 9. Ne2 Ne7 10. Nd2 Nf5 11. Nf3 Bb4+ 12. Kf1 a5 13. g3 a4 14. a3 Be7 15. Kg2
Nd7 16. Bg5 c5 17. Bxe7 Kxe7 18. Qd2 cxd4 19. Rac1 Rac8 20. Rhe1 Rc6 21. Qg5+
f6 22. Qf4 Rf8 23. exf6+ Rxf6 24. Nexd4 Rxc1 25. Nxf5+ Rxf5 26. Qxc1 e5 27. Qc3
Qf6 28. Re3 b6 29. Qb4+ Kd8 30. Qxa4 d4 31. Qa8+ Kc7 32. Re2 Qc6 33. Qxc6+ Kxc6
34. Rc2+ Kd5 35. b4 Rf8 36. Rc7 Kd6 37. Ra7 Rc8 38. Kf1 Rc2 39. Ke1 g6 40. Nd2
Ke6 41. Ne4 Rb2 42. Kd1 Ra2 43. Kc1 Nf6 44. Kb1 Re2 45. Nxf6 Kxf6 46. Rb7 Rxf2
47. Rxb6+ Kf5 48. a4 Rd2 49. a5 Rxd3 50. a6 Ra3 51. Kb2 Ra4 52. Kb3 Ra1 53. Kb2
Ra4 54. Kb3 Ra1 55. Kb2 1/2-1/2

[Event "XXI Festival A"]
[Site "Porto San Giorgio ITA"]
[Date "2009.08.28"]
[Round "8"]
[White "Voiska, Margarita"]
[Black "Izsak, Gyula"]
[Result "1/2-1/2"]
[WhiteElo "2332"]
[BlackElo "2444"]
[PlyCount "56"]
[EventDate "2009.08.21"]

1. d4 Nf6 2. Nf3 e6 3. e3 b6 4. Bd3 Bb7 5. O-O c5 6. c4 cxd4 7. exd4 Be7 8. Nc3
d5 9. cxd5 Nxd5 10. Ne5 O-O 11. Qh5 g6 12. Qh3 Nxc3 13. bxc3 Nd7 14. Bh6 Nxe5
15. dxe5 Qc7 16. Bxf8 Bxf8 17. Rfe1 Qxc3 18. Qg3 Bc5 19. Be4 Qxg3 20. hxg3 Bxe4
21. Rxe4 Rd8 22. Rae1 h5 23. Kf1 Rd3 24. Rc1 Rd2 25. Re2 Rd5 26. Re4 Rd2 27.
Re2 Rd5 28. Re4 Rd2 1/2-1/2

[Event "XXI Festival A"]
[Site "Porto San Giorgio ITA"]
[Date "2009.08.28"]
[Round "8"]
[White "Vuelban, Virgilio"]
[Black "Kovchan, Alexander"]
[Result "0-1"]
[WhiteElo "2404"]
[BlackElo "2554"]
[PlyCount "102"]
[EventDate "2009.08.21"]

1. e4 c6 2. d4 d5 3. Nc3 dxe4 4. Nxe4 Bf5 5. Ng3 Bg6 6. Nf3 Nd7 7. h4 h6 8. h5
Bh7 9. Bd3 Bxd3 10. Qxd3 e6 11. Bf4 Qa5+ 12. Bd2 Bb4 13. c3 Be7 14. c4 Qc7 15.
O-O-O Ngf6 16. Kb1 O-O 17. Ne4 Ng4 18. Qe2 b5 19. Nh4 Ngf6 20. f4 Nxe4 21. Qxe4
Bxh4 22. Rxh4 bxc4 23. g4 Qd6 24. Rc1 Qd5 25. Qe2 Nb6 26. g5 Rab8 27. gxh6 gxh6
28. f5 exf5 29. Qe3 Qe6 30. Qxh6 Qxh6 31. Bxh6 Rfe8 32. Bf4 Rb7 33. h6 f6 34.
Rh5 Nd5 35. Rxf5 Re4 36. Bd2 Re2 37. Rg1+ Kh7 38. Bc1 c3 39. b3 a5 40. Rf3 a4
41. Rfg3 axb3 42. Rg7+ Rxg7 43. Rxg7+ Kh8 44. axb3 f5 45. Rg5 f4 46. Rxd5 cxd5
47. Bxf4 Kh7 48. b4 Rb2+ 49. Kc1 Rxb4 50. Be3 Rb2 51. Bf4 Kg6 0-1

[Event "XXI Festival A"]
[Site "Porto San Giorgio ITA"]
[Date "2009.08.29"]
[Round "9"]
[White "Baklan, Vladimir"]
[Black "Lalic, Bogdan"]
[Result "1/2-1/2"]
[WhiteElo "2639"]
[BlackElo "2517"]
[PlyCount "66"]
[EventDate "2009.08.21"]

1. e4 c5 2. Nf3 d6 3. d4 cxd4 4. Nxd4 Nf6 5. Nc3 e6 6. g3 Nc6 7. Bg2 Bd7 8. Nb3
a6 9. O-O Be7 10. Kh1 O-O 11. f4 b5 12. a3 Rc8 13. Qe2 Qc7 14. g4 h6 15. Be3
Nh7 16. Rad1 b4 17. axb4 Nxb4 18. Qd2 Bc6 19. Ne2 d5 20. c3 Ba4 21. Ned4 Nc6
22. Ra1 Bxb3 23. Nxb3 dxe4 24. Bxe4 Nf6 25. Bf3 Rfd8 26. Qg2 Nd5 27. Bxd5 Rxd5
28. Rxa6 Qb7 29. Rb6 Qd7 30. Bg1 Bd8 31. c4 Bxb6 32. cxd5 Qxd5 33. Qxd5 g6
1/2-1/2

[Event "XXI Festival A"]
[Site "Porto San Giorgio ITA"]
[Date "2009.08.29"]
[Round "9"]
[White "Boscolo, Marco"]
[Black "Ranieri, Fabrizio"]
[Result "0-1"]
[WhiteElo "2136"]
[BlackElo "2264"]
[PlyCount "97"]
[EventDate "2009.08.21"]

1. e4 e6 2. d4 d5 3. Nd2 Nf6 4. e5 Nfd7 5. Bd3 c5 6. c3 Nc6 7. Ne2 cxd4 8. cxd4
f6 9. exf6 Nxf6 10. O-O Bd6 11. Nf3 O-O 12. Nc3 Bd7 13. Re1 Ng4 14. Be3 Qf6 15.
Bc2 Nxe3 16. Rxe3 Bf4 17. Re1 Be8 18. Bb3 Rd8 19. Ne2 Bh5 20. Nxf4 Qxf4 21.
Rxe6 Bxf3 22. Qxf3 Qxf3 23. gxf3 Nxd4 24. Re7 Rf7 25. Rxf7 Kxf7 26. Rd1 Nxb3
27. axb3 Ke6 28. Rc1 Rd7 29. Kf1 Ke5 30. Rc8 Kd6 31. Ke2 Rc7 32. Rd8+ Kc5 33.
Kd3 a6 34. f4 Kb4 35. Rd6 b5 36. Rxa6 Kxb3 37. Rb6 b4 38. Rb5 Rf7 39. Ke3 d4+
40. Ke4 d3 41. Ke3 d2 42. Rd5 Kxb2 43. Rxd2+ Ka3 44. Rd8 b3 45. Ra8+ Kb2 46.
Rc8 Kb1 47. Rb8 b2 48. Ke4 Ra7 49. Ke5 0-1

[Event "XXI Festival A"]
[Site "Porto San Giorgio ITA"]
[Date "2009.08.29"]
[Round "9"]
[White "Boyarchenko, Marie"]
[Black "Caprio, Guido"]
[Result "0-1"]
[WhiteElo "2028"]
[BlackElo "2212"]
[PlyCount "184"]
[EventDate "2009.08.21"]

1. d4 Nf6 2. c4 g6 3. Nc3 Bg7 4. Nf3 O-O 5. e4 d6 6. Be2 e5 7. O-O Nc6 8. Be3
Ng4 9. Bg5 f6 10. Bc1 exd4 11. Nxd4 Nxd4 12. Qxd4 f5 13. Qd1 Qh4 14. Bf4 Bxc3
15. bxc3 Nf6 16. Bg3 Qxe4 17. Re1 Qc6 18. Bf4 Be6 19. Qd4 Qb6 20. Rab1 Qxd4 21.
cxd4 Rab8 22. Bd3 Rfe8 23. f3 Kf7 24. Rb2 b6 25. Kf2 Rbd8 26. Rbe2 Bc8 27. Rxe8
Rxe8 28. Rxe8 Nxe8 29. Ke3 c6 30. Bc2 Ke7 31. Ba4 Bd7 32. Bb3 Nc7 33. Bg5+ Ke8
34. Bf4 Ke7 35. Bg5+ Kf8 36. Bf4 Ne8 37. a3 a6 38. a4 Be6 39. Kd3 Bf7 40. Bg5
Nc7 41. Bd8 Na8 42. Kc3 Ke8 43. Bf6 Kd7 44. Bc2 Nc7 45. Bd3 Ne6 46. Bh4 c5 47.
d5 Nc7 48. Bf2 b5 49. axb5 axb5 50. cxb5 Nxd5+ 51. Kb2 Kc7 52. Bc4 Be6 53. Bxd5
Bxd5 54. Kc3 g5 55. h4 h6 56. hxg5 hxg5 57. Be3 f4 58. Bc1 Kb6 59. Kd3 Kxb5 60.
Bb2 Bc4+ 61. Kc2 Bf1 62. Bf6 g4 63. Bg5 Bxg2 64. fxg4 f3 65. Bh4 Bh3 66. g5 Kc4
67. Kd2 Kd4 68. g6 Be6 69. Bg3 d5 70. Bf2+ Kc4 71. Ke3 d4+ 72. Kxf3 Kd3 73. Kf4
Ke2 74. Bxd4 cxd4 75. Ke5 d3 76. Kxe6 d2 77. g7 d1=Q 78. Kf7 Qd5+ 79. Kf8 Qf5+
80. Ke7 Qg6 81. Kf8 Qf6+ 82. Kg8 Kf3 83. Kh7 Qh4+ 84. Kg6 Qe4+ 85. Kf7 Qf5+ 86.
Ke7 Qg6 87. Kf8 Qf6+ 88. Kg8 Kf4 89. Kh7 Qf7 90. Kh8 Qh5+ 91. Kg8 Ke5 92. Kf8
Kf6 0-1

[Event "XXI Festival A"]
[Site "Porto San Giorgio ITA"]
[Date "2009.08.29"]
[Round "9"]
[White "Bozzali, Ermanno"]
[Black "Cerquitella, Luca"]
[Result "0-1"]
[WhiteElo "2080"]
[BlackElo "2261"]
[PlyCount "108"]
[EventDate "2009.08.21"]

1. e4 Nc6 2. Nf3 e5 3. Bb5 a6 4. Bxc6 dxc6 5. d3 f6 6. Be3 Bg4 7. h3 Bh5 8.
Nbd2 Bd6 9. Nc4 Qe7 10. Nxd6+ cxd6 11. Qd2 Bxf3 12. gxf3 Qe6 13. f4 exf4 14.
Bxf4 Ne7 15. Qb4 O-O-O 16. Qb3 Qxb3 17. axb3 d5 18. f3 Ng6 19. Bd2 Ne5 20. Kf2
dxe4 21. fxe4 Rhf8 22. Raf1 f5 23. exf5 Rxf5+ 24. Kg2 Rdf8 25. Rxf5 Rxf5 26.
Rf1 Rxf1 27. Kxf1 Kd7 28. Kg2 Ke6 29. Kg3 Kf5 30. Bc3 g6 31. Ba5 Nd7 32. Bc7
Nc5 33. Bb6 Ne6 34. Be3 g5 35. h4 g4 36. h5 Nc7 37. Bh6 Nd5 38. Bd2 Nc7 39. Bh6
Ne6 40. Be3 b5 41. c4 Ng7 42. Kh4 Ne8 43. Kg3 Nf6 44. Kh4 Nd7 45. Kg3 bxc4 46.
dxc4 Ne5 47. Bd4 Nd3 48. h6 Nc1 49. Kh4 Nxb3 50. Bc3 Kf4 51. Be1 Nd4 52. Ba5
Nf3+ 53. Kh5 g3 54. Bc7+ Ne5 0-1

[Event "XXI Festival A"]
[Site "Porto San Giorgio ITA"]
[Date "2009.08.29"]
[Round "9"]
[White "Castaldo, Folco"]
[Black "Jones, Gawain C.B."]
[Result "0-1"]
[WhiteElo "2401"]
[BlackElo "2554"]
[PlyCount "68"]
[EventDate "2009.08.21"]

1. e4 c5 2. c3 d5 3. exd5 Qxd5 4. d4 Nc6 5. Nf3 Bg4 6. dxc5 Qxd1+ 7. Kxd1 e5 8.
b4 a5 9. Bb5 Nge7 10. Bxc6+ Nxc6 11. b5 Nd8 12. h3 Bxf3+ 13. gxf3 Bxc5 14. Be3
Rc8 15. Kc2 Ne6 16. Nd2 Bb4 17. Ne4 f5 18. Kb2 Be7 19. Nd2 a4 20. Rad1 O-O 21.
Nb1 f4 22. Bb6 Bc5 23. Bxc5 Rxc5 24. Na3 Ng5 25. Rd7 Nxf3 26. Rhd1 e4 27. Rxb7
Ne5 28. Nc2 Nd3+ 29. Kb1 Rxc3 30. b6 Rfc8 31. Rc7 R8xc7 32. bxc7 Rxc7 33. f3
Rb7+ 34. Ka1 Nb4 0-1

[Event "XXI Festival A"]
[Site "Porto San Giorgio ITA"]
[Date "2009.08.29"]
[Round "9"]
[White "Eperjesi, Laszlo"]
[Black "Villani, Cristian"]
[Result "1-0"]
[WhiteElo "2250"]
[BlackElo "2060"]
[PlyCount "81"]
[EventDate "2009.08.21"]

1. d4 d5 2. c4 c6 3. Nf3 Nf6 4. e3 Bg4 5. Nc3 e6 6. h3 Bxf3 7. Qxf3 Nbd7 8. Be2
Bd6 9. O-O O-O 10. Rd1 dxc4 11. Bxc4 e5 12. Bb3 Qe7 13. Bc2 Rfe8 14. g3 Rad8
15. d5 e4 16. Qe2 c5 17. Kg2 a6 18. a4 Qe5 19. a5 h5 20. Ra4 h4 21. Nxe4 hxg3
22. f4 Qe7 23. Nxd6 Qxd6 24. Qf3 b5 25. axb6 Nxb6 26. Rxa6 Qb8 27. e4 Qb7 28.
Ra1 c4 29. Bd2 Nbd7 30. Bc3 Nc5 31. Qxg3 Qb6 32. Rd4 Nb3 33. Bxb3 cxb3 34. Rb4
Qd6 35. Qf3 Nd7 36. Kh1 Rb8 37. Rxb8 Rxb8 38. e5 Qh6 39. Rg1 g6 40. f5 Kh7 41.
fxg6+ 1-0

[Event "XXI Festival A"]
[Site "Porto San Giorgio ITA"]
[Date "2009.08.29"]
[Round "9"]
[White "Estremera Panos, Sergio"]
[Black "Farago, Ivan"]
[Result "1/2-1/2"]
[WhiteElo "2394"]
[BlackElo "2511"]
[PlyCount "98"]
[EventDate "2009.08.21"]

1. d4 e6 2. c4 Bb4+ 3. Nc3 Nf6 4. e3 O-O 5. Bd3 d5 6. Nf3 c5 7. O-O dxc4 8.
Bxc4 Nbd7 9. Qe2 b6 10. Rd1 cxd4 11. exd4 Bxc3 12. bxc3 Qc7 13. Bb2 Bb7 14. Bb3
Nd5 15. c4 Nf4 16. Qe3 Rfe8 17. Ba4 Rad8 18. Bxd7 Rxd7 19. Ne5 Nxg2 20. Qg3
Rdd8 21. d5 f6 22. Ng4 Qxg3 23. hxg3 exd5 24. Kxg2 d4+ 25. Kf1 Bf3 26. Nxf6+
gxf6 27. Rxd4 Rxd4 28. Bxd4 Kf7 29. Be3 Rd8 30. Rc1 Kg6 31. c5 bxc5 32. Bxc5 a6
33. Be3 Rd5 34. Ke1 Ra5 35. Rc2 Be4 36. Rc4 Bd5 37. Rc5 Rxc5 38. Bxc5 Bxa2 39.
Kd2 a5 40. Kc3 Kf5 41. Bd4 Ke6 42. Bb6 a4 43. Kb4 Bb3 44. Bd4 f5 45. Be3 Kd5
46. Bf4 Ke4 47. Bh6 Kf3 48. Be3 h5 49. Ka3 Ke4 1/2-1/2

[Event "XXI Festival A"]
[Site "Porto San Giorgio ITA"]
[Date "2009.08.29"]
[Round "9"]
[White "Gordon, Stephen J."]
[Black "Ortega, Lexy"]
[Result "1/2-1/2"]
[WhiteElo "2537"]
[BlackElo "2437"]
[PlyCount "64"]
[EventDate "2009.08.21"]

1. d4 d5 2. c4 c6 3. Nf3 Nf6 4. Nc3 dxc4 5. a4 Bf5 6. Ne5 Nbd7 7. Nxc4 Qc7 8.
g3 e5 9. dxe5 Nxe5 10. Bf4 Nfd7 11. Bg2 f6 12. O-O Nc5 13. Ne3 Bg6 14. b4 Ne6
15. b5 Rd8 16. Qb3 Nd4 17. Qb2 Bc5 18. Rfc1 O-O 19. Ne4 Bxe4 20. Bxe4 Qd6 21.
Qa2+ Kh8 22. Nc4 Qe7 23. Bxe5 cxb5 24. e3 bxc4 25. exd4 Bb4 26. Rxc4 fxe5 27.
Qb1 Rxd4 28. Rxd4 exd4 29. Bxh7 Rxf2 30. Kxf2 Qe3+ 31. Kg2 Qe2+ 32. Kh3 Qh5+
1/2-1/2

[Event "XXI Festival A"]
[Site "Porto San Giorgio ITA"]
[Date "2009.08.29"]
[Round "9"]
[White "Kohlweyer, Bernd"]
[Black "Borgiani, Flavio"]
[Result "1-0"]
[WhiteElo "2418"]
[BlackElo "2185"]
[PlyCount "113"]
[EventDate "2009.08.21"]

1. d4 b5 2. e4 Bb7 3. f3 a6 4. a4 b4 5. c4 bxc3 6. Nxc3 e6 7. Nh3 Bb4 8. Be2 d5
9. O-O Ne7 10. Nf2 c5 11. Na2 Nbc6 12. Nxb4 cxb4 13. Be3 O-O 14. Qd2 Qb6 15. b3
Rad8 16. Rfd1 f6 17. Kh1 Kh8 18. Bf1 e5 19. dxe5 d4 20. Bf4 fxe5 21. Bg3 Ng6
22. Nd3 Rc8 23. Rab1 a5 24. Rbc1 Ba6 25. Nb2 Bxf1 26. Rxf1 Rcd8 27. Nd3 Nf4 28.
Bxf4 exf4 29. Nxf4 Ne7 30. Nd3 Rc8 31. Ne5 Rcd8 32. Rfd1 Qe6 33. Nc4 Nc6 34.
Qg5 h6 35. Qc5 Rc8 36. Nb6 Qxb3 37. Nxc8 Rxc8 38. Qb5 Qe6 39. Qb7 b3 40. h3 Ne7
41. Rxc8+ Nxc8 42. Qd5 Qb6 43. Qxd4 b2 44. Qxb6 Nxb6 45. Rb1 Nxa4 46. Kg1 Kg8
47. Kf1 Kf7 48. Ke1 Ke6 49. Kd2 g5 50. Kc2 h5 51. h4 gxh4 52. Rh1 Nb6 53. Kxb2
Nc4+ 54. Kc3 Ne3 55. Rxh4 Nxg2 56. Rxh5 a4 57. Ra5 1-0

[Event "XXI Festival A"]
[Site "Porto San Giorgio ITA"]
[Date "2009.08.29"]
[Round "9"]
[White "Kovchan, Alexander"]
[Black "Maiorov, Nikita"]
[Result "1-0"]
[WhiteElo "2554"]
[BlackElo "2513"]
[PlyCount "81"]
[EventDate "2009.08.21"]

1. e4 e5 2. Nf3 Nc6 3. d4 exd4 4. Nxd4 Bc5 5. Nxc6 Qf6 6. Qd2 dxc6 7. Nc3 Bd4
8. Bd3 Ne7 9. O-O Ng6 10. Ne2 Bb6 11. Nf4 Qh4 12. Nxg6 hxg6 13. Qf4 Qxf4 14.
Bxf4 Be6 15. Be2 O-O-O 16. Rad1 Bd4 17. c3 Bc5 18. a3 Bb3 19. Bg4+ Kb8 20.
Rxd8+ Rxd8 21. h4 f6 22. Re1 Re8 23. Bd1 Bxd1 24. Rxd1 Bd6 25. Bxd6 cxd6 26.
Rxd6 Kc7 27. Rd4 c5 28. Rd5 Kc6 29. f3 f5 30. Kf2 fxe4 31. Rg5 e3+ 32. Ke2 Re6
33. c4 a6 34. b3 b5 35. Rg4 bxc4 36. Rxc4 Kd5 37. Rc3 c4 38. Rxc4 Rb6 39. Rc3
Kd4 40. Rd3+ Ke5 41. Kxe3 1-0

[Event "XXI Festival A"]
[Site "Porto San Giorgio ITA"]
[Date "2009.08.29"]
[Round "9"]
[White "Lantini, Marco"]
[Black "Naumkin, Igor"]
[Result "0-1"]
[WhiteElo "2194"]
[BlackElo "2481"]
[PlyCount "52"]
[EventDate "2009.08.21"]

1. d4 e6 2. c4 f5 3. g3 Nf6 4. Bg2 Bb4+ 5. Nd2 O-O 6. Ngf3 d6 7. O-O Bxd2 8.
Bxd2 a5 9. Qc2 Nc6 10. a3 e5 11. d5 Ne7 12. Bg5 a4 13. Ne1 b6 14. Nd3 Bd7 15.
Rad1 Qe8 16. f3 Qh5 17. Bd2 g5 18. Qc1 f4 19. e3 fxg3 20. hxg3 e4 21. Ne1 exf3
22. Nxf3 Nf5 23. Be1 Rae8 24. Rd3 Ne4 25. Nd4 Nfxg3 26. Bxg3 Nxg3 0-1